000
00292nam a22001217a 4500
008
250304b |||||||| |||| 00| 0 eng d
020
_a
019282080X
050
_a
HD 756
_b
.C66
245
_a
Our Common Future
260
_a
Britain
_b
British Council Library
_c
1987
300
_a
383p.
942
_c
BK
999
_c
2057
_d
2057